000 00236nam a2200109Ia 4500
999 _c7650
_d7650
020 _a978-0072326000
100 _aFeldman,Robert S.
245 0 _aUnderstanding Psychology
260 _aUSA
_bEducation
_c1999
300 _a774
942 _cBK